Je ráno /

Krátký veselý obrázkový příběh o tom, co všechno musí Slunce ráno a během dne stihnout.

Hlavní autor: Plachý, Jakub, 1989-
Jazyk: Čeština
Vydáno: Praha : Baobab, 2019
Vydání: Vydání první
Témata:
Fyzický popis: 32 nečíslovaných stran : barevné ilustrace ; 13 cm
Knihy
Uloženo v:
LEADER 02083nam a2200517 i 4500
001 nkc20193146463
003 CZ PrNK
005 20200819155328.0
007 ta
008 191004s2019 xr a a 000 j cze
015 |a cnb003146463 
020 |a 978-80-7515-097-4  |q (vázáno)  |z 9 978-80-7515-097-4 
035 |a (OCoLC)1130273504 
040 |a ABG001  |b cze  |d ABA001  |e rda 
072 7 |a 821.162.3-3  |x Česká próza  |2 Konspekt  |9 25 
072 7 |a 821-93  |x Literatura pro děti a mládež (beletrie)  |2 Konspekt  |9 26 
080 |a 821.162.3-32  |2 MRF 
080 |a 821-93  |2 MRF 
080 |a (0:82-321.5)  |2 MRF 
080 |a (0.027.6)74/77  |2 MRF 
100 1 |a Plachý, Jakub,  |d 1989-  |7 xx0146655  |4 aut  |4 ill 
245 1 0 |a Je ráno /  |c Jakub Plachý 
250 |a Vydání první 
264 1 |a Praha :  |b Baobab,  |c 2019 
300 |a 32 nečíslovaných stran :  |b barevné ilustrace ;  |c 13 cm 
336 |a text  |b txt  |2 rdacontent 
336 |a statický obraz  |b sti  |2 rdacontent 
337 |a bez média  |b n  |2 rdamedia 
338 |a svazek  |b nc  |2 rdacarrier 
520 2 |a Krátký veselý obrázkový příběh o tom, co všechno musí Slunce ráno a během dne stihnout.  |b I Slunci se někdy nechce z postele, a přitom ho čeká tolik práce! Kromě ranní hygieny a snídaně musí probudit kohouta, svítit na lidi, kytky a zvířata, vyrábět mraky, sušit prádlo a mnoho dalších věcí. Přece nebude Měsíc pracovat přesčas. 
655 7 |a české příběhy  |7 fd133973  |2 czenas 
655 7 |a humoristické příběhy  |7 fd132430  |2 czenas 
655 7 |a autorské knihy  |7 fd756049  |2 czenas 
655 7 |a publikace pro děti  |7 fd133156  |2 czenas 
655 9 |a Czech stories  |2 eczenas 
655 9 |a humorous stories  |2 eczenas 
655 9 |a authors' books  |2 eczenas 
655 9 |a children's literature  |2 eczenas 
910 2 |a BOA001  |b S-1436.985 
920 |a 4500698  |z ABG001 
928 9 |a Baobab 
928 9 |a Baobab 
990 |a BK 
995 |a 01 
991 |b 201911  |c NOV 
996 6 |b 2610805882  |c S-1436.985  |l MZK  |r Sklad / do 24 hodin  |n 0  |p p.v.  |w 001768085  |u 000010  |a 1  |e BOA001  |j MZK50  |s P